Ninja Kunaharo : Misteri Wira Malam

Bibliographic Details
Main Author: Oshun Muhammad
Format: Book
Published: Selangor : KarnaDya Solutions Sdn. Bhd. , 2007
Subjects:

MARC

LEADER 00000cam a2200000 7i4500
001 0000028831
005 20151222.0
008 100112
020 |a 9833316014 
090 0 0 |a AD   |b MAL 
100 1 |a Oshun Muhammad 
245 1 0 |a Ninja Kunaharo :   |b Misteri Wira Malam   |c Oshun Muhammad 
260 |a Selangor :   |b KarnaDya Solutions Sdn. Bhd. ,   |c 2007 
500 |a Children ages 10-12 years old (pink) 
650 0 |a Malay Fiction 
999 |a 0001059338   |b Book   |c Children Collection   |e Perbadanan Perpustakaan Awam Johor 
999 |a 0001059339   |b Book   |c Children Collection   |e Perbadanan Perpustakaan Awam Johor 
999 |a 0001059340   |b Book   |c Children Collection   |e Perbadanan Perpustakaan Awam Johor 
999 |a 0001059341   |b Book   |c Children Collection   |e Perbadanan Perpustakaan Awam Johor